Alle Drachen-Pokemon - Statistiken

Allgemein
  • Dieses Quiz wurde 613 mal gespielt
    261 seit der letzten Aktualisierung
  • Das Durchschnittsergebnis liegt bei 42 aus 70
Antwortstatistiken
Pokedex-Nummer Pokemon 2. Typ % Korrekt
148 Dragonir
99%
149 Dragoran Flug
99%
147 Dratini
99%
445 Knakrack Boden
91%
373 Brutalanda Flug
88%
443 Kaumalat Boden
86%
444 Knarksel Boden
86%
483 Dialga Stahl
85%
484 Palkia Wasser
85%
487 Giratina Geist
83%
371 Kindwurm
83%
372 Draschel
81%
384 Rayquaza Flug
81%
330 Libelldra Boden
78%
612 Maxax
77%
646 Kyurem Eis
76%
380 Latias Psycho
75%
381 Latios Psycho
75%
610 Milza
75%
643 Reshiram Feuer
75%
644 Zekrom Elektro
75%
230 Seedraking Wasser
74%
635 Trikephalo Unlicht
74%
329 Vibrava Boden
74%
634 Duodino Unlicht
71%
633 Kapuno Unlicht
71%
611 Sharfax
70%
334 Altaria Flug
69%
621 Shardrago
69%
706 Viscogon
60%
887 Katapuldra Geist
59%
780 Sen-Long Normal
59%
784 Grandiras Kampf
58%
841 Drapfel Pflanze
56%
782 Miniras
56%
840 Knapfel Pflanze
55%
783 Mediras Kampf
55%
776 Tortunator Feuer
55%
705 Viscargot
55%
704 Viscora
55%
842 Schlapfel Pflanze
54%
691 Tandrak Gift
53%
718 Zygarde Boden
53%
890 Endynalos Gift
52%
715 UHaFnir Flug
52%
714 eF-eM Flug
50%
697 Monargoras Gestein
48%
895 Regidrago
48%
799 Schlingking Unlicht
48%
696 Balgoras Gestein
47%
885 Grolldra Geist
47%
886 Phandra Geist
47%
1008 Miraidon Elektro
46%
804 Agoyon Gift
45%
884 Duraludon Stahl
45%
1007 Koraidon Kampf
45%
1019 Hydrapfel Pflanze
39%
998 Espinodon Eis
37%
997 Cryospino Eis
35%
996 Frospino Eis
35%
967 Mopex Normal
35%
882 Pescragon Wasser
35%
1011 Sirapfel Pflanze
35%
1009 Windewoge Wasser
35%
880 Lectragon Elektro
34%
1005 Donnersichel Unlicht
32%
1018 Briduradon Stahl
29%
1021 Furienblitz Elektro
28%
1020 Keilflamme Feuer
28%
978 Nigiragi Wasser
27%
Keine übereinstimmenden Quizze gefunden
Verteilung der Resultate
Anzahl Personen mit jedem Resultat
Perzentil nach korrekt beantworteten Fragen
Ihre Resultats-Entwicklung
Sie haben dieses Quiz seit der letzten Aktualisierung nicht gespielt